000 00581cam a22002053a 4500
001 35199
003 PGUSA
005 20140828083746.0
008 110207s2011||||xxu|||||s|||||000 | eng d
040 _aPGUSA
_beng
042 _adc
100 1 _aSomerton, Alice
245 1 4 _aThe Torn Bible :
_bOr Hubert's Best Friend
_h[electronic resource] /
_cAlice Somerton
260 _bProject Gutenberg,
_c2011
506 _aPublic domain in the USA.
516 _aElectronic text
830 0 _aProject Gutenberg
_v35199
856 4 0 _uhttp://www.gutenberg.org/ebooks/35199
942 _cEB
999 _c264454
_d264454